[Event "CAN-op"]
[Site "Regina CAN"]
[Date "2019.07.16"]
[Round "7.14"]
[White "Yang, Jingyun (Ryan)"]
[Black "Lambruschini, Alex"]
[Result "1-0"]
[WhiteElo "1704"]
[BlackElo "1810"]
[PlyCount "101"]
[EventDate "2019.07.12"]
[EventType "swiss"]
[EventRounds "9"]
[EventCountry "CAN"]

1. e4 d5 2. exd5 Qxd5 3. Nc3 Qa5 4. Nf3 Nf6 5. Bc4 Bg4 6. h3 Bh5 7. d3 e6 8.
Bd2 c6 9. Qe2 Qc7 10. g4 Bg6 11. O-O-O Bd6 12. Nh4 Nbd7 13. Nxg6 hxg6 14. Ne4
Bf4 15. Ng5 Bxg5 16. Bxg5 O-O-O 17. Be3 Nb6 18. Bb3 Nfd5 19. Bd2 Nf4 20. Qf3
Nbd5 21. c4 Nb4 22. Bxb4 Qe5 23. Bc3 Ne2+ 24. Kc2 Nd4+ 25. Bxd4 Qxd4 26. Qe3 e5
27. Qxd4 exd4 28. Rde1 Rde8 29. Rxe8+ Rxe8 30. Kd2 g5 31. h4 Rh8 32. h5 c5 33.
Bd1 Kd7 34. Bf3 Kd6 35. Bd5 Ke5 36. Re1+ Kf6 37. b3 b6 38. a3 a5 39. Rb1 Ke5
40. Re1+ Kf6 41. f3 Rb8 42. Rh1 Rh8 43. Rb1 Rb8 44. b4 cxb4 45. axb4 axb4 46.
Rxb4 Ke5 47. Rb5 Kf4 48. Be4 f6 49. c5 Rc8 50. cxb6 Rb8 51. b7 1-0

[Event "CAN-op"]
[Site "Regina CAN"]
[Date "2019.07.16"]
[Round "7.15"]
[White "Wang, Paul"]
[Black "Einarsson, Ken"]
[Result "1-0"]
[WhiteElo "1902"]
[BlackElo "1682"]
[PlyCount "85"]
[EventDate "2019.07.12"]
[EventType "swiss"]
[EventRounds "9"]
[EventCountry "CAN"]

1. e4 c6 2. d4 d5 3. e5 Bf5 4. Nf3 e6 5. Be2 Nd7 6. Nbd2 c5 7. c3 cxd4 8. cxd4
Ne7 9. Nb3 Nc6 10. O-O Be7 11. Be3 O-O 12. Bd3 Bxd3 13. Qxd3 Rc8 14. a3 Na5 15.
Nxa5 Qxa5 16. Nd2 Rc6 17. f4 Qb6 18. f5 exf5 19. Qxf5 Re6 20. b4 Nxe5 21. Rae1
g6 22. dxe5 Qxe3+ 23. Rxe3 gxf5 24. Rxf5 f6 25. Rg3+ Kh8 26. Nf3 fxe5 27. Rxe5
Rxe5 28. Nxe5 Bd6 29. Re3 a5 30. Nd3 axb4 31. axb4 Bc7 32. Re6 Bb8 33. b5 Kg7
34. Nc5 Bf4 35. g3 Kf7 36. gxf4 Rc8 37. Rh6 Kg7 38. Rb6 Rxc5 39. Rxb7+ Kg6 40.
b6 Rb5 41. Rb8 Rb2 42. b7 Kf7 43. Rh8 1-0

[Event "CAN-op"]
[Site "Regina CAN"]
[Date "2019.07.16"]
[Round "7.16"]
[White "Boron, Anthony"]
[Black "Ehab, Mohamed"]
[Result "0-1"]
[WhiteElo "1854"]
[BlackElo "2006"]
[PlyCount "122"]
[EventDate "2019.07.12"]
[EventType "swiss"]
[EventRounds "9"]
[EventCountry "CAN"]

1. e4 e6 2. d4 d5 3. exd5 exd5 4. Nf3 Bg4 5. Be2 Nc6 6. O-O Bd6 7. c3 Qd7 8.
Bg5 f6 9. Bh4 Nge7 10. Re1 O-O-O 11. Bg3 Bxg3 12. hxg3 g5 13. b4 Rde8 14. Nbd2
h5 15. Qa4 Kb8 16. Nb3 Ng6 17. Nc5 Qd6 18. Bd3 Rxe1+ 19. Rxe1 Nge7 20. Qb5 Nd8
21. Nh2 Bc8 22. Bc2 h4 23. g4 h3 24. g3 f5 25. gxf5 Nxf5 26. Re5 c6 27. Na6+
Ka8 28. Qc5 bxa6 29. Bxf5 Qxc5 30. bxc5 Nf7 31. Re7 Bxf5 32. Rxf7 Bd3 33. Nf3
g4 34. Ne5 h2+ 35. Kh1 Be4+ 36. f3 gxf3 37. Nxf3 Rh3 38. Rf8+ Kb7 39. Rf7+ Kc8
40. Rf6 Kd7 41. Rf7+ Ke6 42. Rf8 Ke7 43. Rf4 Rxg3 44. Kxh2 Rxf3 45. Rh4 Rxc3
46. Rh6 Kd7 47. Rh8 Rc2+ 48. Kg3 Rxa2 49. Ra8 Ke6 50. Rxa7 Kf5 51. Rf7+ Kg5 52.
Rg7+ Bg6 53. Rc7 Ra3+ 54. Kf2 Kf4 55. Rxc6 Ra2+ 56. Kg1 Be4 57. Rb6 Ke3 58.
Rb3+ Kxd4 59. c6 Rc2 60. c7 Rxc7 61. Rb6 Ra7 0-1

[Event "CAN-op"]
[Site "Regina CAN"]
[Date "2019.07.16"]
[Round "7.17"]
[White "Taylor, Tom"]
[Black "Castillo, Rey"]
[Result "1-0"]
[WhiteElo "1926"]
[BlackElo "1965"]
[PlyCount "75"]
[EventDate "2019.07.12"]
[EventType "swiss"]
[EventRounds "9"]
[EventCountry "CAN"]

1. e4 g6 2. Nc3 Bg7 3. g3 c5 4. Bg2 Nc6 5. d3 d6 6. Be3 e5 7. Qd2 a6 8. Nge2
Nf6 9. h3 Be6 10. O-O Qd7 11. Kh2 h6 12. f4 b5 13. f5 b4 14. fxe6 fxe6 15. Nd1
g5 16. c3 Rb8 17. d4 Qe7 18. Rc1 Nd7 19. dxc5 dxc5 20. cxb4 Rxb4 21. a3 Rb8 22.
Qc2 Nd4 23. Nxd4 exd4 24. Bg1 Qd6 25. Kh1 Be5 26. Bh2 Bxg3 27. Bxg3 Qxg3 28.
Qf2 Qe5 29. Qe2 Qd6 30. Nf2 Ke7 31. Nd3 Rb3 32. Qc2 Rhb8 33. e5 Nxe5 34. Nxe5
Qxe5 35. Rce1 Qd6 36. Qh7+ Kd8 37. Rf7 Rxh3+ 38. Bxh3 1-0

[Event "CAN-op"]
[Site "Regina CAN"]
[Date "2019.07.16"]
[Round "7.18"]
[White "Ratte, Cameron"]
[Black "Basko, Yauheni"]
[Result "1-0"]
[WhiteElo "1857"]
[BlackElo "1800"]
[PlyCount "69"]
[EventDate "2019.07.12"]
[EventType "swiss"]
[EventRounds "9"]
[EventCountry "CAN"]

1. e4 e6 2. d4 d5 3. Nc3 Bb4 4. e5 c5 5. a3 Bxc3+ 6. bxc3 Ne7 7. Qg4 O-O 8. Bd3
Qa5 9. Ne2 cxd4 10. O-O Nbc6 11. cxd4 Qa4 12. Qh3 Ng6 13. c3 a6 14. Rb1 b5 15.
Ng3 f5 16. exf6 Rxf6 17. Nh5 Rf7 18. Qg3 Nce7 19. Qc7 Nf8 20. Rb4 Nf5 21. Qd8
Rd7 22. Qg5 Qa5 23. Nf6+ Kf7 24. Nxd7 Bxd7 25. a4 Qc7 26. Bxf5 exf5 27. Re1 Ng6
28. Qd2 Rc8 29. axb5 Bxb5 30. Rb3 h6 31. Ba3 Qd8 32. Rbb1 Rc7 33. Qe3 Qf6 34.
Rxb5 Qc6 35. Rc5 1-0

[Event "CAN-op"]
[Site "Regina CAN"]
[Date "2019.07.16"]
[Round "7.19"]
[White "McDonald, Mike"]
[Black "Albzour, Abdalsalam"]
[Result "1-0"]
[WhiteElo "1741"]
[BlackElo "1794"]
[PlyCount "79"]
[EventDate "2019.07.12"]
[EventType "swiss"]
[EventRounds "9"]
[EventCountry "CAN"]

1. e4 c5 2. Nf3 g6 3. d4 cxd4 4. Nxd4 Bg7 5. c4 Nc6 6. Be3 Nf6 7. Nc3 O-O 8.
Be2 d6 9. O-O a6 10. Qd2 h5 11. h3 Bd7 12. Rfd1 Rc8 13. Rac1 Ne5 14. b3 Bc6 15.
f4 Ned7 16. Nxc6 bxc6 17. f5 Qc7 18. Bh6 Ne5 19. Bxg7 Kxg7 20. Qg5 Qb6+ 21. Kh1
Rh8 22. fxg6 fxg6 23. c5 Qa7 24. cxd6 Neg4 25. Bxg4 hxg4 26. e5 gxh3 27. exf6+
exf6 28. Qg3 hxg2+ 29. Kxg2 Rh5 30. Ne4 Qd7 31. Rh1 Rch8 32. Rxh5 Rxh5 33. Rf1
Rd5 34. Nxf6 Rd2+ 35. Kh1 Qd8 36. Qe5 Rxa2 37. Qe7+ Qxe7 38. dxe7 Re2 39. e8=Q
Rxe8 40. Nxe8+ 1-0

[Event "CAN-op"]
[Site "Regina CAN"]
[Date "2019.07.16"]
[Round "7.20"]
[White "Darvekar, Yash"]
[Black "Chen, Andrew"]
[Result "0-1"]
[WhiteElo "1495"]
[BlackElo "1778"]
[PlyCount "100"]
[EventDate "2019.07.12"]
[EventType "swiss"]
[EventRounds "9"]
[EventCountry "CAN"]

1. e4 e5 2. Nf3 Nc6 3. Bb5 a6 4. Bxc6 dxc6 5. O-O Bd6 6. d4 exd4 7. Qxd4 f6 8.
Re1 Be6 9. Be3 Ne7 10. e5 Nf5 11. Qe4 fxe5 12. Nxe5 Qf6 13. Nf3 Nxe3 14. Qxe3
Kd7 15. Nc3 Rhe8 16. Qd2 Rad8 17. Ne4 Qf8 18. Nc5+ Kc8 19. Nxe6 Rxe6 20. Rxe6
Bxh2+ 21. Kxh2 Rxd2 22. Nxd2 Qf4+ 23. Kg1 Qxd2 24. Ree1 Qxc2 25. Rab1 b6 26.
Rec1 Qa4 27. a3 Kb7 28. Rd1 c5 29. f3 b5 30. Rbc1 Qb3 31. Rb1 Kb6 32. Kf2 Qc2+
33. Kf1 a5 34. b4 Qc4+ 35. Kf2 cxb4 36. axb4 axb4 37. Rb2 Qc5+ 38. Kf1 Qc3 39.
Rdb1 c5 40. Ke2 Kc6 41. Rb3 Qc2+ 42. Kf1 Kd5 43. R1b2 Qc1+ 44. Kf2 Kc4 45. Kg3
Qd1 46. Re3 b3 47. Kf4 Kb4 48. Kf5 c4 49. Ke6 c3 50. Rbe2 b2 0-1

[Event "CAN-op"]
[Site "Regina CAN"]
[Date "2019.07.16"]
[Round "7.21"]
[White "Lin, Joey"]
[Black "Bince, Rolando"]
[Result "1-0"]
[WhiteElo "1255"]
[BlackElo "1857"]
[PlyCount "65"]
[EventDate "2019.07.12"]
[EventType "swiss"]
[EventRounds "9"]
[EventCountry "CAN"]

1. e4 d6 2. d3 g6 3. Nf3 Bg7 4. c3 Nf6 5. Qe2 O-O 6. g3 c5 7. Bg2 Nc6 8. O-O
Qc7 9. Be3 b6 10. Nbd2 Ba6 11. Rfe1 Ng4 12. Bf4 e5 13. Be3 Rab8 14. Nf1 f5 15.
Qd2 f4 16. gxf4 Nxe3 17. fxe3 Bh6 18. fxe5 Nxe5 19. Nxe5 dxe5 20. Rac1 Rbd8 21.
d4 Qd7 22. d5 Rf6 23. Ng3 Rdf8 24. Rcd1 Qf7 25. Qc2 Bg5 26. Bh3 Rf3 27. Be6
Bxe3+ 28. Kh1 Bg5 29. Bxf7+ R8xf7 30. d6 Kg7 31. d7 Bd8 32. c4 Bb7 33. Rf1 1-0

[Event "CAN-op"]
[Site "Regina CAN"]
[Date "2019.07.17"]
[Round "8.1"]
[White "Cherniaev, Alexander"]
[Black "Huang, Patrick"]
[Result "1-0"]
[WhiteElo "2396"]
[BlackElo "2055"]
[PlyCount "59"]
[EventDate "2019.07.12"]
[EventType "swiss"]
[EventRounds "9"]
[EventCountry "CAN"]

1. Nf3 g6 2. e4 Bg7 3. c3 d6 4. Bc4 Nf6 5. e5 dxe5 6. Nxe5 O-O 7. d4 Nbd7 8.
O-O c6 9. Qe2 Nxe5 10. dxe5 Nd5 11. Bb3 Qc7 12. Re1 Rd8 13. Bc2 Rb8 14. Nd2 b5
15. h3 Nf4 16. Qe4 Nxh3+ 17. gxh3 Bf5 18. Qh4 Bxc2 19. Nf3 Rd1 20. Bf4 Rxa1 21.
Rxa1 e6 22. Bg5 Bxe5 23. Nxe5 Qxe5 24. Bf4 Qe4 25. f3 Qc4 26. Qf6 Qc5+ 27. Kg2
Bf5 28. Bh6 Bxh3+ 29. Kg3 Qd6+ 30. Kxh3 1-0

[Event "CAN-op"]
[Site "Regina CAN"]
[Date "2019.07.17"]
[Round "8.2"]
[White "Zhao, Ian"]
[Black "Malek, Omid"]
[Result "0-1"]
[WhiteElo "2198"]
[BlackElo "2141"]
[PlyCount "116"]
[EventDate "2019.07.12"]
[EventType "swiss"]
[EventRounds "9"]
[EventCountry "CAN"]

1. e4 e6 2. d4 d5 3. Nd2 Nc6 4. Ngf3 Nf6 5. e5 Nd7 6. Be2 Be7 7. O-O f6 8. exf6
Bxf6 9. c3 O-O 10. Re1 e5 11. Qb3 Nb6 12. dxe5 Nxe5 13. Nxe5 Bxe5 14. Nf3 Bf6
15. Be3 Be6 16. Bd3 Qd7 17. Qc2 h6 18. Nd4 Bxd4 19. Bxd4 Nc4 20. Bxc4 dxc4 21.
Re3 Bf5 22. Qe2 Bd3 23. Qd2 Kh7 24. Rae1 Rf7 25. Re5 b6 26. b4 a5 27. b5 Raf8
28. f3 Bf5 29. Qe2 c5 30. bxc6 Qxc6 31. Qb2 Qg6 32. Qxb6 Rf6 33. Qb2 Bd3 34.
Kh1 Rf5 35. Qb5 Rxe5 36. Qxe5 Rf5 37. Qb8 Rf7 38. Re8 Qg5 39. Rh8+ Kg6 40. Qb6+
Kh5 41. g4+ Kh4 42. Kg2 Bf1+ 43. Kxf1 Rxf3+ 44. Bf2+ Kh3 45. Re8 Kxh2 46. Re3
Qd5 47. Qc7+ Kh1 48. Ke2 Kg2 49. Rxf3 Qxf3+ 50. Kd2 Qd3+ 51. Kc1 Qxc3+ 52. Kb1
Qd3+ 53. Kc1 Qf1+ 54. Kc2 Qxf2+ 55. Kc1 Qe3+ 56. Kb2 Qd2+ 57. Kb1 Qd3+ 58. Kb2
c3+ 0-1

[Event "CAN-op"]
[Site "Regina CAN"]
[Date "2019.07.17"]
[Round "8.4"]
[White "Srinivasan, Hermant"]
[Black "Sohal, Tanraj"]
[Result "0-1"]
[WhiteElo "1688"]
[BlackElo "2241"]
[PlyCount "40"]
[EventDate "2019.07.12"]
[EventType "swiss"]
[EventRounds "9"]
[EventCountry "CAN"]

1. d4 Nf6 2. c4 e6 3. Nf3 d5 4. Nc3 a6 5. Bg5 Be7 6. e3 O-O 7. cxd5 exd5 8. Bd3
c6 9. Qc2 Nbd7 10. O-O Re8 11. a4 a5 12. Rae1 Nf8 13. h3 g6 14. Bh6 Bd6 15. Nd2
Nh5 16. g4 Bxg4 17. hxg4 Qh4 18. f4 Qxg4+ 19. Kf2 Qg3+ 20. Ke2 Rxe3+ 0-1

[Event "CAN-op"]
[Site "Regina CAN"]
[Date "2019.07.17"]
[Round "8.5"]
[White "Yao, Sammy"]
[Black "Wolchock, Theo"]
[Result "1/2-1/2"]
[WhiteElo "1986"]
[BlackElo "2032"]
[PlyCount "60"]
[EventDate "2019.07.12"]
[EventType "swiss"]
[EventRounds "9"]
[EventCountry "CAN"]

1. c4 Nf6 2. g3 c5 3. Bg2 e6 4. Nf3 a6 5. O-O b5 6. b3 Bb7 7. Bb2 Be7 8. d3 O-O
9. Nbd2 d5 10. Ne5 Nbd7 11. Qc2 Nxe5 12. Bxe5 Nd7 13. Bb2 Bf6 14. Bxf6 Qxf6 15.
Rac1 Rac8 16. Rfd1 Rfd8 17. Qb1 b4 18. Qa1 Qe7 19. Qb2 Nf6 20. a3 a5 21. axb4
axb4 22. Ra1 Ra8 23. Rxa8 Rxa8 24. Ra1 Qd8 25. Ra2 Qc8 26. Qa1 Rxa2 27. Qxa2
dxc4 28. dxc4 Bxg2 29. Kxg2 Qc6+ 30. Kg1 h6 1/2-1/2

[Event "CAN-op"]
[Site "Regina CAN"]
[Date "2019.07.17"]
[Round "8.6"]
[White "Vasic, Maxim"]
[Black "Demchenko, Kiril"]
[Result "1-0"]
[WhiteElo "1964"]
[BlackElo "2004"]
[PlyCount "119"]
[EventDate "2019.07.12"]
[EventType "swiss"]
[EventRounds "9"]
[EventCountry "CAN"]

1. d4 d5 2. c4 e6 3. Nc3 Nf6 4. Bg5 Be7 5. e3 Nbd7 6. cxd5 exd5 7. Bd3 O-O 8.
Nge2 b6 9. O-O Bb7 10. Rc1 h6 11. Bh4 Re8 12. h3 a6 13. Bg3 c5 14. dxc5 bxc5
15. Bb1 Nb6 16. Qb3 Bd6 17. Bxd6 Qxd6 18. Na4 Nxa4 19. Qxa4 d4 20. b4 dxe3 21.
bxc5 Qc6 22. Qxc6 Bxc6 23. Nd4 Rac8 24. Bd3 Bd5 25. Bxa6 Ra8 26. Bb5 Rec8 27.
a4 Ne4 28. fxe3 Rxc5 29. Rxc5 Nxc5 30. Rf5 Rd8 31. Nc6 Bxc6 32. Bxc6 Rd1+ 33.
Rf1 Rd3 34. Ra1 Rxe3 35. a5 Re7 36. a6 Ra7 37. Ra5 Nb3 38. Rb5 Nd4 39. Rb8+ Kh7
40. Be4+ f5 41. Bb7 Kg6 42. Kf2 f4 43. Rd8 Nb5 44. Rd5 Nc7 45. Rd7 Nb5 46. Be4+
Kf6 47. Rb7 Rxa6 48. Rxb5 g5 49. Rc5 Ra4 50. Kf3 Ra3+ 51. Kg4 Re3 52. Bf3 Kg6
53. Rc6+ Kg7 54. Kh5 Re5 55. Rc7+ Kf6 56. Rh7 g4+ 57. Kxg4 Kg6 58. Kxf4 Rf5+
59. Ke4 Rxf3 60. Rxh6+ 1-0

[Event "CAN-op"]
[Site "Regina CAN"]
[Date "2019.07.17"]
[Round "8.7"]
[White "Bu, Kevin"]
[Black "Dixit, Arun"]
[Result "1-0"]
[WhiteElo "1784"]
[BlackElo "1775"]
[PlyCount "93"]
[EventDate "2019.07.12"]
[EventType "swiss"]
[EventRounds "9"]
[EventCountry "CAN"]

1. d4 Nf6 2. Nf3 b6 3. Bf4 Bb7 4. e3 g6 5. h3 Bg7 6. Be2 d6 7. O-O O-O 8. c3
Nbd7 9. a4 a6 10. Nbd2 c5 11. Bh2 Ne4 12. Nxe4 Bxe4 13. Nd2 Bc6 14. Bf3 Qc7 15.
d5 Bb7 16. Qb3 Rfb8 17. c4 Bc8 18. Be2 Rb7 19. e4 Rab8 20. f4 Nf8 21. f5 Bd7
22. Qf3 Kh8 23. Ra2 b5 24. axb5 axb5 25. b3 bxc4 26. Bxc4 Bb5 27. fxg6 fxg6 28.
Qg4 Bxc4 29. bxc4 Nd7 30. Nf3 Nf6 31. Qh4 Rb1 32. Raf2 Nh5 33. g4 Bf6 34. Ng5
Bxg5 35. Qxg5 Nf6 36. Qh6 Qd7 37. e5 Ng8 38. Qf4 R1b6 39. Qe3 Rb3 40. Qf4 R3b6
41. Kg2 Re8 42. e6 Qa4 43. Qe3 Qxc4 44. Be5+ dxe5 45. Qxe5+ Nf6 46. Rxf6 Kg8
47. Rf8+ 1-0

[Event "CAN-op"]
[Site "Regina CAN"]
[Date "2019.07.17"]
[Round "8.9"]
[White "Mills, Morgon"]
[Black "Jiang, Kate"]
[Result "0-1"]
[WhiteElo "2036"]
[BlackElo "1463"]
[PlyCount "127"]
[EventDate "2019.07.12"]
[EventType "swiss"]
[EventRounds "9"]
[EventCountry "CAN"]

1. e4 e5 2. Nf3 Nc6 3. Bb5 a6 4. Ba4 Nf6 5. O-O Be7 6. d3 b5 7. Bb3 d6 8. a4
Bb7 9. Re1 O-O 10. Bg5 h6 11. Bh4 Re8 12. c3 Nb8 13. Nbd2 Nbd7 14. d4 exd4 15.
cxd4 Nxe4 16. Bxe7 Rxe7 17. Nxe4 Rxe4 18. Rxe4 Bxe4 19. Qe2 Bb7 20. axb5 axb5
21. Rxa8 Qxa8 22. h3 Bc6 23. Nh4 Kf8 24. Nf5 Be4 25. Qxb5 Bxf5 26. Qxf5 Nf6 27.
Qc2 Qb7 28. Qc4 d5 29. Qc2 Qb6 30. Qc5+ Qxc5 31. dxc5 Ke7 32. f3 Ke6 33. Kf2
Nd7 34. c6 Ne5 35. Ke3 Nxc6 36. Ba4 Ne7 37. b4 g5 38. g3 Nf5+ 39. Kf2 Ke5 40.
Bd7 Nd6 41. Ke3 Nc4+ 42. Kd3 Nb6 43. Bc6 Kd6 44. Be8 f5 45. f4 Nc8 46. Kd4 Ne7
47. b5 Ng8 48. h4 g4 49. Bc6 Nf6 50. Bb7 Ne4 51. Bxd5 Nxg3 52. Bb7 Nh5 53. Bc8
Ng7 54. Ke3 Ne6 55. Bb7 Ke7 56. Bc8 Kf6 57. Bd7 Nf8 58. Be8 Ng6 59. h5 Nf8 60.
Bc6 Ne6 61. Bd7 Ke7 62. Bc8 Kf6 63. Bb7 Ng7 64. Kd4 0-1

[Event "CAN-op"]
[Site "Regina CAN"]
[Date "2019.07.17"]
[Round "8.10"]
[White "Yang, Jingyun (Ryan)"]
[Black "Wiebe, Isaac"]
[Result "0-1"]
[WhiteElo "1704"]
[BlackElo "2062"]
[PlyCount "98"]
[EventDate "2019.07.12"]
[EventType "swiss"]
[EventRounds "9"]
[EventCountry "CAN"]

1. e4 e6 2. d4 d5 3. Nd2 Nc6 4. Ngf3 Nf6 5. Bd3 Nb4 6. O-O Nxd3 7. cxd3 Be7 8.
Qc2 O-O 9. Re1 b6 10. Ne5 Bb7 11. Ndf3 c5 12. dxc5 bxc5 13. exd5 Qxd5 14. Qc4
Rfd8 15. Qxd5 Rxd5 16. Be3 Rdd8 17. Ng5 Rf8 18. Nexf7 Rxf7 19. Nxf7 Kxf7 20.
Rac1 Rc8 21. d4 Nd5 22. dxc5 Nxe3 23. Rxe3 Bg5 24. f4 Bf6 25. Re2 Bd4+ 26. Kh1
Rxc5 27. Rxc5 Bxc5 28. Rc2 Bb6 29. b4 Kf6 30. a4 Bd5 31. a5 Bd4 32. b5 Kf5 33.
Rc6 Kxf4 34. Rd6 Ke3 35. b6 axb6 36. a6 b5 37. Rd7 Kf2 38. Rf7+ Bf6 39. h4
Bxg2+ 40. Kh2 b4 41. h5 h6 42. a7 b3 43. Rf8 b2 44. a8=Q Bxa8 45. Rb8 Be5+ 46.
Kh3 Bxb8 47. Kh4 Bf3 48. Kh3 b1=Q 49. Kh4 Qh1# 0-1

[Event "CAN-op"]
[Site "Regina CAN"]
[Date "2019.07.17"]
[Round "8.11"]
[White "Chandra, Anand Rishi"]
[Black "Ma, Derek"]
[Result "0-1"]
[WhiteElo "1883"]
[BlackElo "1925"]
[PlyCount "100"]
[EventDate "2019.07.12"]
[EventType "swiss"]
[EventRounds "9"]
[EventCountry "CAN"]

1. e4 c5 2. Nf3 d6 3. d4 cxd4 4. Nxd4 Nf6 5. Nc3 a6 6. Be3 Nbd7 7. Be2 b5 8. f3
Bb7 9. O-O g6 10. a3 Bg7 11. Qe1 O-O 12. Rd1 Rc8 13. Nb3 Qc7 14. Bd4 Nc5 15.
Kh1 Ne6 16. Be3 Rfd8 17. Nd5 Nxd5 18. exd5 Nc5 19. Nxc5 dxc5 20. c4 Bxb2 21.
Qd2 Be5 22. f4 Bg7 23. f5 Qe5 24. fxg6 hxg6 25. Bg4 f5 26. Bf3 bxc4 27. g4 c3
28. Qf2 Bxd5 29. Rxd5 Rxd5 30. Bf4 Qe6 31. Qg2 Rd4 32. gxf5 gxf5 33. Rg1 Qf6
34. Bg5 Qg6 35. h4 Kh8 36. h5 Qe6 37. Bb7 Rcd8 38. Bf3 Bf6 39. h6 Bxg5 40. Qxg5
Rg8 41. Qh5 Rxg1+ 42. Kxg1 Qe1+ 43. Kg2 Rd2+ 44. Kh3 Qf1+ 45. Kg3 Qf2+ 46. Kf4
Rd4+ 47. Ke5 Qg3+ 48. Ke6 Qd6+ 49. Kf7 Qf6+ 50. Ke8 e5 0-1

[Event "CAN-op"]
[Site "Regina CAN"]
[Date "2019.07.17"]
[Round "8.12"]
[White "Sorgard, Graham"]
[Black "Windram, James"]
[Result "0-1"]
[WhiteElo "1960"]
[BlackElo "1907"]
[PlyCount "78"]
[EventDate "2019.07.12"]
[EventType "swiss"]
[EventRounds "9"]
[EventCountry "CAN"]

1. e4 c5 2. Nc3 Nc6 3. f4 g6 4. Nf3 Bg7 5. Bc4 e6 6. f5 Nge7 7. fxe6 dxe6 8.
O-O Nd4 9. d3 O-O 10. Bg5 f6 11. Bh4 Kh8 12. Nxd4 cxd4 13. Ne2 Nc6 14. a4 Ne5
15. Bb3 Ng4 16. Rf3 Ne3 17. Qe1 e5 18. h3 Bh6 19. c3 Qb6 20. Ra3 dxc3 21. Bf2
cxb2 22. Qb1 Qb4 23. Qxb2 Nd1 24. Qa2 Nxf2 25. Kxf2 b6 26. Bd5 Rb8 27. Rc3 Bd7
28. Rc4 Qd6 29. Kg1 Rbc8 30. Qb3 Rxc4 31. Bxc4 Qc5+ 32. Kh1 Qa5 33. Nc3 a6 34.
Rf1 Bd2 35. Nd5 b5 36. Rxf6 Bh6 37. Qa3 Rxf6 38. Nxf6 Qe1+ 39. Kh2 Bf4+ 0-1

[Event "CAN-op"]
[Site "Regina CAN"]
[Date "2019.07.17"]
[Round "8.13"]
[White "Wei, Daniel"]
[Black "Wang, Paul"]
[Result "1-0"]
[WhiteElo "1840"]
[BlackElo "1902"]
[PlyCount "57"]
[EventDate "2019.07.12"]
[EventType "swiss"]
[EventRounds "9"]
[EventCountry "CAN"]

1. e4 e5 2. Nf3 Nc6 3. d4 exd4 4. Nxd4 Bb4+ 5. c3 Bc5 6. Be3 Bb6 7. Nf5 g6 8.
Bxb6 axb6 9. Ne3 Nf6 10. f3 d6 11. c4 Nh5 12. g3 Ng7 13. Bg2 f5 14. O-O O-O 15.
f4 fxe4 16. Bxe4 Nf5 17. Nd5 Nfe7 18. Nbc3 Nxd5 19. Bxd5+ Kg7 20. Re1 Qf6 21.
Nb5 Qxb2 22. Nxc7 Rxa2 23. Rxa2 Qxa2 24. Ne8+ Kh6 25. Bxc6 bxc6 26. Qxd6 Rf7
27. Qd8 Rf5 28. g4 Qa5 29. Qh4+ 1-0

[Event "CAN-op"]
[Site "Regina CAN"]
[Date "2019.07.17"]
[Round "8.14"]
[White "Ehab, Mohamed"]
[Black "McDonald, Mike"]
[Result "1-0"]
[WhiteElo "2006"]
[BlackElo "1741"]
[PlyCount "89"]
[EventDate "2019.07.12"]
[EventType "swiss"]
[EventRounds "9"]
[EventCountry "CAN"]

1. d4 Nf6 2. c4 g6 3. Nc3 Bg7 4. e4 d6 5. Be2 O-O 6. Be3 e5 7. d5 Nbd7 8. g4
Nc5 9. f3 a5 10. h4 c6 11. h5 cxd5 12. cxd5 Bd7 13. Qd2 Rb8 14. h6 Bh8 15. Bxc5
dxc5 16. a4 Ne8 17. d6 Bc6 18. O-O-O Qd7 19. Nb5 b6 20. g5 Rd8 21. Qc2 Bxb5 22.
Bxb5 Qe6 23. Bc4 Qd7 24. Bb5 Qe6 25. d7 Nd6 26. Bc6 Nc4 27. Bd5 Ne3 28. Qb3
Nxd5 29. Qxd5 Qxd5 30. Rxd5 Rb8 31. Nh3 Rfd8 32. Rhd1 Kf8 33. Kc2 Ke7 34. Kc3
Rb7 35. Kc4 Rbxd7 36. Rxd7+ Rxd7 37. Rxd7+ Kxd7 38. Kd5 Kc7 39. b3 Kd7 40. Nf2
f6 41. Nh3 fxg5 42. Nxg5 Bf6 43. Nxh7 Ke7 44. Nxf6 Kxf6 45. h7 1-0

[Event "CAN-op"]
[Site "Regina CAN"]
[Date "2019.07.17"]
[Round "8.15"]
[White "Taylor, Tom"]
[Black "Ratte, Cameron"]
[Result "1/2-1/2"]
[WhiteElo "1926"]
[BlackElo "1857"]
[PlyCount "55"]
[EventDate "2019.07.12"]
[EventType "swiss"]
[EventRounds "9"]
[EventCountry "CAN"]

1. e4 c5 2. Nc3 Nc6 3. g3 g6 4. Bg2 Bg7 5. d3 d6 6. Be3 Nf6 7. h3 Rb8 8. Qd2 b5
9. Nge2 b4 10. Nd1 O-O 11. O-O Bd7 12. f4 Ne8 13. f5 Ne5 14. Bh6 e6 15. Bxg7
Kxg7 16. fxe6 Bxe6 17. Nf4 Nc7 18. Ne3 Qd7 19. Kh2 Qe7 20. c3 bxc3 21. bxc3
Rfc8 22. d4 cxd4 23. cxd4 Nc4 24. Nxc4 Bxc4 25. Rfe1 Ne6 26. Nxe6+ Qxe6 27.
Rac1 Bb5 28. Rxc8 1/2-1/2

[Event "CAN-op"]
[Site "Regina CAN"]
[Date "2019.07.17"]
[Round "8.16"]
[White "Chen, Andrew"]
[Black "Wang, Elon"]
[Result "1-0"]
[WhiteElo "1778"]
[BlackElo "1529"]
[PlyCount "57"]
[EventDate "2019.07.12"]
[EventType "swiss"]
[EventRounds "9"]
[EventCountry "CAN"]

1. e4 d6 2. Nc3 Nf6 3. g3 e5 4. Bg2 Nc6 5. Nge2 Be7 6. O-O O-O 7. d3 Be6 8. f4
g6 9. f5 Bd7 10. h3 Kh8 11. g4 Ng8 12. Nd5 Bh4 13. Be3 Nce7 14. c4 c5 15. Qd2
Nxd5 16. cxd5 g5 17. Kh2 f6 18. Ng1 Qe7 19. Nf3 Qg7 20. Nxh4 gxh4 21. Qf2 Bb5
22. Rad1 c4 23. Rg1 Rfc8 24. Bf1 c3 25. b3 Qc7 26. Qxh4 Qa5 27. a4 Bd7 28. g5
Qb4 29. g6 1-0

[Event "CAN-op"]
[Site "Regina CAN"]
[Date "2019.07.17"]
[Round "8.17"]
[White "Einarsson, Ken"]
[Black "Landstrom, William"]
[Result "1-0"]
[WhiteElo "1682"]
[BlackElo "1516"]
[PlyCount "95"]
[EventDate "2019.07.12"]
[EventType "swiss"]
[EventRounds "9"]
[EventCountry "CAN"]

1. d4 d6 2. c4 Nf6 3. Nc3 Nbd7 4. e4 e5 5. d5 c6 6. Nf3 Be7 7. Be2 Qc7 8. O-O
O-O 9. h3 a5 10. Be3 b6 11. Rc1 Nc5 12. Qc2 Bb7 13. Rfd1 Rfd8 14. Nd2 Bf8 15.
Bg5 h6 16. Bxf6 gxf6 17. dxc6 Bxc6 18. Nd5 Bxd5 19. exd5 Qe7 20. Ne4 Nd7 21.
Ng3 Bg7 22. Nf5 Qf8 23. Rd3 e4 24. Rg3 Re8 25. Nxg7 Kh8 26. Nf5 Re5 27. Ne3 f5
28. f4 exf3 29. Rxf3 Rae8 30. Qc3 f6 31. Nxf5 Rxe2 32. Nh4 Qf7 33. Rcf1 Rg8 34.
R3f2 Rxf2 35. Rxf2 Rc8 36. b3 Re8 37. Qd2 Kh7 38. Nf5 Qg6 39. Nxd6 Re5 40. Qc2
Re1+ 41. Kh2 Qxc2 42. Rxc2 Re3 43. Kg1 Kg6 44. Kf2 Rd3 45. Ne4 Nc5 46. Ke2 Rd4
47. Nxc5 bxc5 48. Rd2 1-0

[Event "CAN-op"]
[Site "Regina CAN"]
[Date "2019.07.17"]
[Round "8.18"]
[White "Green, Jim"]
[Black "Boron, Anthony"]
[Result "0-1"]
[WhiteElo "1772"]
[BlackElo "1854"]
[PlyCount "148"]
[EventDate "2019.07.12"]
[EventType "swiss"]
[EventRounds "9"]
[EventCountry "CAN"]

1. e4 c5 2. Nf3 e6 3. d3 d5 4. Nbd2 Nc6 5. c3 Bd6 6. g3 Nge7 7. Bg2 Bd7 8. a3
Ng6 9. Qe2 O-O 10. O-O Re8 11. Re1 Rc8 12. Nf1 dxe4 13. dxe4 Na5 14. Be3 a6 15.
Rad1 Bb5 16. Qc2 Qe7 17. N1d2 Red8 18. a4 Be8 19. c4 Nc6 20. b3 Nb4 21. Qb1 Bc6
22. h4 Ne5 23. Nxe5 Bxe5 24. Nf3 Bc7 25. Bg5 f6 26. Be3 b6 27. Nh2 Be5 28.
Rxd8+ Rxd8 29. Rd1 Rd7 30. Nf1 Qd8 31. Rxd7 Qxd7 32. Qc1 Qd3 33. Qd2 Bd4 34.
Qxd3 Nxd3 35. Nd2 Bc3 36. Kf1 Kf7 37. Nb1 Bd4 38. Ke2 Nb4 39. Bd2 Na2 40. f3
Be5 41. Kf2 Bb2 42. Ke2 b5 43. axb5 axb5 44. Kd1 bxc4 45. Kc2 Bd4 46. bxc4 Ba4+
47. Kd3 Bf2 48. g4 Bxh4 49. Be3 Nb4+ 50. Ke2 Na6 51. Nc3 Bb3 52. Kd3 Be1 53.
Nb1 Ba5 54. Bd2 Nb4+ 55. Bxb4 Bxb4 56. Nc3 g6 57. f4 h5 58. gxh5 gxh5 59. Bf3
Kg6 60. f5+ exf5 61. exf5+ Kg5 62. Ne4+ Kxf5 63. Bxh5 Bxc4+ 64. Kxc4 Kxe4 65.
Be2 f5 66. Bd3+ Ke5 67. Kb3 f4 68. Kc2 Kd4 69. Bb5 c4 70. Kd1 f3 71. Bc6 Ke3
72. Bd5 c3 73. Bc4 Kf2 74. Bd3 Kg1 0-1